[Event "AUTO-INT-3927"]
[Site "http://www.queenalice.com/game.php?id=1855568"]
[Date "2025.4.15"]
[Round "1"]
[White "Carlos19"]
[Black "mArViNh"]
[Result "0-1"]
[WhiteElo "1535"]
[BlackElo "1764"]

1. e4 c5 2. Bc4 e6 3. d3 d6 4. Nf3 Nc6 5. a3 Nf6 6. Bb5 Be7 7. Bxc6+ bxc6 8. e5
dxe5 9. Nxe5 Qc7 10. Bf4 Bd6 11. Qe2 O-O 12. g3 Nd5 13. c4 Nxf4 14. gxf4 a5 15.
Qe4 Bb7 16. Rg1 f6 17. Nf3 Bxf4 18. h4 e5 19. b3 f5 20. Qe2 Rae8 21. Nc3 Kh8 22.
Rg2 g6 23. Ng5 Bxg5 24. Rxg5 e4 25. Kd2 Rd8 26. Qe3 Rxd3+ 27. Qxd3 exd3 28. Kxd3
Qd6+ 29. Kc2 Qh2 30. Rf1 Qf4 31. Rg3 Qxh4 32. Ne2 Qe4+ 33. Kd2 Rd8+ 0-1

[Event "AUTO-INT-3927"]
[Site "http://www.queenalice.com/game.php?id=1855569"]
[Date "2025.4.15"]
[Round "1"]
[White "mArViNh"]
[Black "Carlos19"]
[Result "1-0"]
[WhiteElo "1752"]
[BlackElo "1595"]

1. d4 e6 2. c4 Bb4+ 3. Nc3 Nf6 4. Bd2 O-O 5. e3 Nc6 6. a3 Bxc3 7. Bxc3 Ne4 8.
Nf3 Nxc3 9. bxc3 h6 10. Be2 b6 11. O-O a6 12. Qc2 a5 13. d5 Ne7 14. dxe6 dxe6
15. Rfd1 Qe8 16. Ne5 c5 17. Bf3 Rb8 18. h3 f5 19. Qe2 f4 20. exf4 Rxf4 21. Bh5
Qf8 22. Rd2 Qf5 23. Bg4 Qf6 24. Rd8+ Kh7 25. Re1 Nf5 26. Qd3 Qh4 27. g3 Qe7 28.
Rh8+ Kxh8 29. Ng6+ 1-0

[Event "AUTO-INT-3927"]
[Site "http://www.queenalice.com/game.php?id=1855582"]
[Date "2025.4.15"]
[Round "1"]
[White "Yanni"]
[Black "mArViNh"]
[Result "0-1"]
[WhiteElo "1421"]
[BlackElo "1762"]

1. e4 c5 2. Bc4 e6 3. Nc3 d6 4. d3 a6 5. Nf3 Nc6 6. Bg5 f6 7. Be3 Nge7 8. a3 Ng6
9. h3 b5 10. Bb3 Be7 11. Qd2 Rb8 12. a4 b4 13. Na2 O-O 14. Nc1 a5 15. O-O Qc7
16. Ne2 Kh8 17. Ng3 Qd7 18. Nh5 f5 19. exf5 exf5 20. Rae1 Qd8 21. d4 Bf6 22. d5
Nce5 23. Nh2 Ba6 24. c4 bxc3 25. bxc3 Bxf1 26. Kxf1 Rxb3 27. Qc2 c4 28. Qxf5
Rxc3 29. Bd4 Rd3 30. Ng4 Rxd4 31. Rxe5 Bxe5 32. Qc2 Qh4 33. Ng3 Qxg3 34. Ke1
Qxg2 35. Qe2 Qg1+ 36. Qf1 Rd1+ 37. Ke2 Qxf1+ 38. Ke3 Qe1# 0-1

[Event "AUTO-INT-3927"]
[Site "http://www.queenalice.com/game.php?id=1855583"]
[Date "2025.4.15"]
[Round "1"]
[White "mArViNh"]
[Black "Yanni"]
[Result "1-0"]
[WhiteElo "1750"]
[BlackElo "1394"]

1. d4 d5 2. c4 dxc4 3. e3 Nc6 4. Bxc4 e6 5. Nf3 h6 6. O-O Nf6 7. Nc3 Bb4 8. a3
Bd6 9. Qc2 Ng4 10. b4 h5 11. h3 Nf6 12. e4 Nh7 13. e5 Be7 14. Bb2 f5 15. Rad1 a6
16. Qb3 a5 17. d5 Bd7 18. dxc6 Bxc6 19. Rxd8+ Kxd8 20. Bxe6 Nf8 21. Bxf5 g6 22.
Rd1+ Ke8 23. Be4 Bxe4 24. Nxe4 Ne6 25. Qxe6 Rf8 26. Qxg6+ Rf7 27. e6 Bd6 28.
Qxf7+ Kd8 29. Nxd6 cxd6 30. Qd7# 1-0

[Event "AUTO-INT-3927"]
[Site "http://www.queenalice.com/game.php?id=1855592"]
[Date "2025.4.15"]
[Round "1"]
[White "mArViNh"]
[Black "jenyasm"]
[Result "1-0"]
[WhiteElo "1618"]
[BlackElo "1660"]

1. d4 d5 2. c4 c6 3. e3 Nf6 4. Nf3 h6 5. Nc3 a6 6. Be2 e6 7. O-O Bd6 8. Qc2 Ng4
9. h3 Nf6 10. b3 Qe7 11. Bb2 e5 12. dxe5 Bxe5 13. Nxe5 Qxe5 14. Nb5 Qe7 15. Nd4
O-O 16. cxd5 Nxd5 17. Rfe1 Nd7 18. Bf3 Nb4 19. Qc3 Ne5 20. Be2 Nd5 21. Nxc6 Nxc6
22. Qxg7# 1-0

[Event "AUTO-INT-3927"]
[Site "http://www.queenalice.com/game.php?id=1855593"]
[Date "2025.4.15"]
[Round "1"]
[White "jenyasm"]
[Black "mArViNh"]
[Result "0-1"]
[WhiteElo "1624"]
[BlackElo "1739"]

1. e4 c5 2. Nf3 e6 3. d3 d6 4. Bf4 Nc6 5. Nc3 Nf6 6. h3 Be7 7. a3 O-O 8. Qe2 b6
9. Nb5 a6 10. Nc3 Bb7 11. g4 h6 12. g5 hxg5 13. Bxg5 Rb8 14. h4 Qc7 15. h5 d5
16. exd5 exd5 17. O-O-O Rbe8 18. Bg2 d4 19. Ne4 Nxe4 20. dxe4 c4 21. Bxe7 d3 22.
cxd3 cxd3 23. Qxd3 Nxe7+ 24. Kb1 Ng6 25. Ka1 Nf4 26. Qf1 Nxg2 27. Qxg2 Bxe4 28.
h6 g6 29. h7+ Kh8 30. Qg4 Qc6 31. Rh3 Qf6 32. Ng5 Bc2 33. Rd2 Re1+ 34. Ka2 Bb1+
35. Kb3 Re5 36. Nf3 Rb5+ 37. Kc4 Qc6+ 38. Kd4 Rd5+ 0-1

[Event "AUTO-OPEN-4588"]
[Site "http://www.queenalice.com/game.php?id=1855668"]
[Date "2025.4.16"]
[Round "1"]
[White "mArViNh"]
[Black "guss"]
[Result "0-1"]
[WhiteElo "1810"]
[BlackElo "2565"]

1. d4 d5 2. c4 e6 3. e3 Nf6 4. Nc3 c5 5. dxc5 Bxc5 6. cxd5 exd5 7. Nf3 Nc6 8.
Be2 O-O 9. a3 Bf5 10. O-O Rc8 11. Bd2 Re8 12. b4 Bd6 13. Nb5 Bb8 14. h3 Ne4 15.
Nbd4 Nxd4 16. Nxd4 Bd7 17. Rc1 Qg5 18. Rxc8 Rxc8 19. f4 Qg3 20. Rf3 Qg6 21. Bd3
h6 22. Bc1 Bc7 23. Bb2 Bd8 24. Qb3 Qd6 25. Bxe4 dxe4 26. Rf2 a6 27. Rd2 Bb6 28.
Kh2 Rd8 29. a4 Rc8 30. Ba1 a5 0-1

[Event "AUTO-OPEN-4588"]
[Site "http://www.queenalice.com/game.php?id=1855669"]
[Date "2025.4.16"]
[Round "1"]
[White "guss"]
[Black "mArViNh"]
[Result "1-0"]
[WhiteElo "2564"]
[BlackElo "1812"]

1. d4 d5 2. c4 e6 3. Nc3 a6 4. c5 Nf6 5. Bf4 Be7 6. e3 Nc6 7. h3 O-O 8. Bd3 b6
9. cxb6 cxb6 10. Nf3 Nb4 11. Be2 Bd6 12. Rc1 Bxf4 13. exf4 Qd6 14. a3 Nc6 15.
Ne5 Bd7 16. Bxa6 Rxa6 17. Nb5 Qe7 18. Nxc6 Bxc6 19. Rxc6 Qd7 20. Qc2 Ne4 21. O-O
Nd2 22. Rc7 Nf3+ 23. gxf3 Qxb5 24. Rc1 Ra4 25. Qd2 Qe8 26. Rb7 Qd8 27. Qe3 h5
28. Qe5 Qf6 29. Qxf6 gxf6 30. Rcc7 1-0

[Event "AUTO-OPEN-4588"]
[Site "http://www.queenalice.com/game.php?id=1855670"]
[Date "2025.4.16"]
[Round "1"]
[White "mArViNh"]
[Black "josebaron"]
[Result "1/2-1/2"]
[WhiteElo "1725"]
[BlackElo "2181"]

1. d4 d5 2. c4 dxc4 3. e3 Nf6 4. Bxc4 e6 5. Nf3 Bb4+ 6. Nc3 Bxc3+ 7. bxc3 O-O 8.
O-O Nc6 9. a4 a6 10. Bd3 Re8 11. Ba3 Nd5 12. Qc2 h6 13. c4 Nf6 14. Ne5 Nxe5 15.
dxe5 Nd7 16. f4 c5 17. Rfd1 Qc7 18. Be2 Nf8 19. Rab1 Bd7 20. Bf3 Bc6 21. Bxc6
Qxc6 22. Rd6 Qc7 23. Rdb6 Rab8 1/2-1/2

[Event "AUTO-OPEN-4588"]
[Site "http://www.queenalice.com/game.php?id=1855671"]
[Date "2025.4.16"]
[Round "1"]
[White "josebaron"]
[Black "mArViNh"]
[Result "1/2-1/2"]
[WhiteElo "2181"]
[BlackElo "1771"]

1. e4 e6 2. Nf3 Nf6 3. Nc3 c5 4. e5 Nd5 5. Nxd5 exd5 6. d4 cxd4 7. Nxd4 Be7 8.
Be2 Qc7 9. Nf3 O-O 10. O-O d6 11. exd6 Qxd6 12. c3 Nc6 13. a4 Be6 14. Re1 Bf6
15. Nd4 Nxd4 16. cxd4 a6 17. Bf3 Rac8 18. Be3 Qb4 19. a5 Qxb2 20. Qb1 Qxb1 21.
Rexb1 Rc7 22. h3 h6 23. Rb6 Rb8 24. Bf4 Rbc8 25. Bxc7 Rxc7 26. Rab1 Bxd4 27.
Rxb7 Rc2 28. Rd1 Bxf2+ 29. Kf1 Bg3 30. Bxd5 Bxd5 31. Rxd5 Rf2+ 32. Kg1 Re2 33.
Rf5 Re1+ 34. Rf1 Bh2+ 35. Kf2 Bg3+ 36. Kxg3 Rxf1 37. Ra7 Rf6 38. h4 Rg6+ 39. Kf3
Rf6+ 40. Kg4 Rg6+ 41. Kh3 h5 42. Rc7 Rd6 43. Rc5 g6 44. Kg3 Rd3+ 45. Kf4 Ra3 46.
g3 Kh7 47. Rd5 Kh6 48. Re5 Kg7 49. Rd5 Kh7 50. Rc5 Kg7 51. Rd5 1/2-1/2

[Event "AUTO-ADV-4859"]
[Site "http://www.queenalice.com/game.php?id=1855700"]
[Date "2025.4.17"]
[Round "1"]
[White "Canaye14"]
[Black "mArViNh"]
[Result "0-1"]
[WhiteElo "1864"]
[BlackElo "1705"]

1. d4 d5 2. Bf4 e6 3. Nf3 Nf6 4. e3 Be7 5. c3 O-O 6. Bd3 Nbd7 7. Nbd2 a5 8. a4
b6 9. Qc2 Bb7 10. Ng5 h6 11. Ngf3 c5 12. dxc5 bxc5 13. c4 d4 14. e4 Qb6 15. O-O
Nh5 16. Bg3 Nxg3 17. fxg3 Rac8 18. Rf2 Nf6 19. Raf1 Ng4 20. Re2 Ne3 21. Qb1 Nxf1
22. Kxf1 Bf6 23. e5 Bd8 24. g4 Bxf3 25. Nxf3 Bg5 26. h4 Be3 27. g5 hxg5 28. hxg5
Qb3 29. g4 Qxa4 30. Rh2 Rfd8 31. Bh7+ Kf8 32. g6 Qxc4+ 33. Re2 d3 34. Rd2 Bxd2
35. Nxd2 Qxg4 0-1

[Event "AUTO-ADV-4859"]
[Site "http://www.queenalice.com/game.php?id=1855701"]
[Date "2025.4.17"]
[Round "1"]
[White "mArViNh"]
[Black "Canaye14"]
[Result "0-1"]
[WhiteElo "1636"]
[BlackElo "1912"]

1. d4 e6 2. c4 d5 3. e3 c5 4. dxc5 Bxc5 5. Nf3 Nc6 6. cxd5 exd5 7. a3 Nf6 8. Nc3
O-O 9. Be2 Re8 10. O-O Be6 11. Qc2 a6 12. b4 Ba7 13. Bb2 Rc8 14. h3 Bb8 15. Rfd1
Qc7 16. Rac1 d4 17. exd4 Rcd8 18. d5 Nxd5 19. Nxd5 Bxd5 20. Qc3 f6 21. Re1 Bxf3
22. Bc4+ Kh8 23. g4 Qh2+ 0-1

[Event "AUTO-ADV-4859"]
[Site "http://www.queenalice.com/game.php?id=1855716"]
[Date "2025.4.17"]
[Round "1"]
[White "mArViNh"]
[Black "StepPhil"]
[Result "0-1"]
[WhiteElo "1787"]
[BlackElo "1785"]

1. d4 d5 2. c4 c6 3. e3 Nf6 4. Nf3 Bg4 5. cxd5 Qxd5 6. Be2 Bxf3 7. Bxf3 Qd8 8.
O-O e6 9. Nc3 Bd6 10. b3 Qc7 11. h3 O-O 12. Bb2 Re8 13. Rc1 Nbd7 14. e4 Nf8 15.
e5 Bxe5 16. dxe5 Qxe5 17. Re1 Qc7 18. Qc2 Ng6 19. g3 Ne5 20. Bg2 Red8 21. Nb5
Qb6 22. Rxe5 Rd7 23. Na3 Qc7 24. Ree1 Rad8 0-1

[Event "AUTO-ADV-4859"]
[Site "http://www.queenalice.com/game.php?id=1855717"]
[Date "2025.4.17"]
[Round "1"]
[White "StepPhil"]
[Black "mArViNh"]
[Result "1-0"]
[WhiteElo "1768"]
[BlackElo "1804"]

1. e4 c5 2. c4 e6 3. Nf3 d6 4. Qb3 Nf6 5. d3 Nc6 6. Bd2 Be7 7. h3 O-O 8. Qc3 a6
9. Be3 d5 10. Bf4 dxe4 11. dxe4 Nxe4 12. Qe3 Nf6 13. a3 b6 14. Qd2 Qe8 15. Be2
Bb7 16. O-O Rd8 17. Qc2 h6 18. Bc7 Rd7 19. Bxb6 e5 20. Nfd2 Bd6 21. Nc3 Nd4 22.
Qa4 e4 23. Qd1 Qe5 24. g3 e3 25. Nf3 exf2+ 26. Rxf2 1-0

[Event "AUTO-ADV-4859"]
[Site "http://www.queenalice.com/game.php?id=1855718"]
[Date "2025.4.17"]
[Round "1"]
[White "mArViNh"]
[Black "IranSilva"]
[Result "0-1"]
[WhiteElo "1808"]
[BlackElo "2111"]

1. d4 e6 2. c4 d5 3. e3 Nf6 4. Nf3 Be7 5. Qc2 O-O 6. Be2 c5 7. O-O cxd4 8. Nxd4
Bd7 9. Rd1 Nc6 10. Nc3 Nxd4 11. Rxd4 Rc8 12. Qb3 Bc6 13. cxd5 Nxd5 14. Bd2 Bf6
15. Rd3 Qb6 16. Nxd5 Bxd5 17. Qxb6 axb6 18. Bb4 Rfd8 19. Bc3 Be7 20. a3 b5 21.
Rdd1 Bc4 22. Rxd8+ Rxd8 23. Bxc4 bxc4 24. Kf1 f6 25. g4 Rd5 26. a4 h5 27. h3
hxg4 28. hxg4 Bc5 29. a5 Rg5 30. Ra4 Rxg4 31. b4 Bd6 32. a6 bxa6 33. Rxa6 Bh2
34. Rxe6 Rg1+ 35. Ke2 Rc1 36. Kd2 Rf1 37. f4 Rf2+ 38. Kd1 Ra2 39. Rc6 Bg1 40.
Bd4 Ra3 0-1

[Event "AUTO-ADV-4859"]
[Site "http://www.queenalice.com/game.php?id=1855719"]
[Date "2025.4.17"]
[Round "1"]
[White "IranSilva"]
[Black "mArViNh"]
[Result "0-1"]
[WhiteElo "2051"]
[BlackElo "1785"]

1. Nf3 d5 2. d4 e6 3. c4 Nf6 4. Nc3 Be7 5. cxd5 exd5 6. e3 c6 7. Bd3 O-O 8. O-O
Bg4 9. h3 Bh5 10. Be2 Bg6 11. Ne5 Re8 12. a3 Nbd7 13. Nxg6 fxg6 14. Bd2 Bd6 15.
b4 a6 16. Rb1 Nb6 17. a4 Bc7 18. b5 Qd6 19. f4 cxb5 20. axb5 a5 21. Bf3 g5 22.
Na4 gxf4 23. exf4 Ne4 24. Bxe4 Rxe4 25. Bc1 Nxa4 26. Qxa4 Rxd4 27. Qb3 Qb4 28.
Qc2 Bb6 29. Rxb4 Rc4+ 30. Kh1 Rxc2 31. Rb2 Rac8 32. Rxc2 Rxc2 33. Rd1 d4 34. Kh2
Kf7 35. Kg3 h6 36. Kf3 a4 37. Bd2 a3 38. Ke2 Ba5 0-1

[Event "AUTO-INT-3927"]
[Site "http://www.queenalice.com/game.php?id=1859885"]
[Date "2025.7.14"]
[Round "2"]
[White "mArViNh"]
[Black "nuzera"]
[Result "1-0"]
[WhiteElo "1694"]
[BlackElo "1500"]

1. d4 d5 2. c4 dxc4 3. e3 b5 4. a4 Ba6 5. axb5 Bxb5 6. Nc3 Qd7 7. Nf3 c6 8. Be2
Qg4 9. Ne5 Qxg2 10. Rf1 Qxh2 11. Nxb5 Na6 12. Qa4 Qh3 13. Qxc4 Nf6 14. Nd6+ exd6
15. Qxc6+ Ke7 16. Rxa6 dxe5 17. Qxa8 g6 18. Rxa7+ Nd7 19. b3 Bg7 20. Ba3+ Kf6
21. Qc6+ Qe6 22. Qxd7 Qxb3 23. Ra6+ Kg5 24. Rg1+ Kh4 25. Qg4# 1-0

[Event "AUTO-INT-3927"]
[Site "http://www.queenalice.com/game.php?id=1859886"]
[Date "2025.7.14"]
[Round "2"]
[White "nuzera"]
[Black "mArViNh"]
[Result "0-1"]
[WhiteElo "1475"]
[BlackElo "1702"]

1. e4 c5 2. Qh5 e6 3. Bc4 Nf6 4. Qf3 d6 5. Bb5+ Nc6 6. e5 Qb6 7. Bxc6+ bxc6 8.
exf6 Bd7 9. fxg7 Bxg7 10. c3 O-O 11. Qg3 f5 12. d3 f4 13. Bxf4 Qxb2 14. Bh6 Rf7
15. Bxg7 Rxg7 16. Qf4 Qxa1 17. Qc1 Rb8 18. Ke2 Rxb1 19. Qf4 Qxa2+ 20. Kf3 e5 21.
Qh6 Rf7+ 22. Kg3 Rg7+ 23. Kf3 Qd5+ 24. Ke2 Rb2+ 25. Ke3 Bf5 26. d4 Qe4# 0-1

[Event "Let's Play Chess!"]
[Site "http://www.queenalice.com/game.php?id=1865552"]
[Date "2025.11.15"]
[Round "-"]
[White "alow_proton"]
[Black "mArViNh"]
[Result "1-0"]
[WhiteElo "2054"]
[BlackElo "1709"]

1. e4 c5 2. Nf3 e6 3. c3 d6 4. d4 cxd4 5. cxd4 Qc7 6. Nc3 a6 7. a3 Nf6 8. Bc4
Be7 9. Bb3 O-O 10. O-O b6 11. h3 Bb7 12. Qd3 Nc6 13. Re1 Rfd8 14. Bc2 g6 15. b4
b5 16. Bh6 Bf8 17. Qe3 d5 18. e5 Bxh6 19. Qxh6 Ne8 20. Ng5 f5 21. Nxe6 Qe7 22.
Nxd8 Nxd8 23. Bb3 Nf7 24. Qe3 Nc7 25. Qf3 Ng5 26. Qe3 Rd8 27. Ne2 Nce6 28. Kh2
Rf8 29. Nf4 Nxf4 30. Qxf4 1-0